000 00722nam a2200217Ia 4500
005 20241129105926.0
008 241129s9999||||xx |||||||||||||| ||und||
020 _a978-93-93768-02-5
037 _aTB
040 _aARTS
_bhin
_cARTS
041 _ahin
_2hin
084 _aV2 152R2
_qARTS
100 _aनेहरू, जवाहरलाल, ले.
245 0 _aकौन हैं भारत माता ?
_cनेहरू, जवाहरलाल, ले.
260 _aनई दिल्ली, भारत
_bराजकमल प्रकाशन
_c2022
300 _a512पृ0
365 _aINR
_b1695
650 _aHistory-India
942 _cTB
_hV2 152R2
999 _c1226612
_d1226612